Quiz o Ostrowi Mazowieckiej - Statystyki

Ogólne statystyki
  • Ten quiz został rozwiązany 7 razy
  • Średni wynik to 7 z 10
Statystyki odpowiedzi
Wskazówka Odpowiedź % Poprawnych
Województwo, w którym znajduje się Ostrów Mazowiecka mazowieckie
100%
Jak brzmiała nazwa Ostrowi Mazowieckiej do 07.12.1926? Ostrów
100%
Tablica rejestracyjna Ostrowi Mazowieckiej WOR
100%
Kod pocztowy Ostrowi Mazowieckiej 07-300 albo 07-310
67%
Burmistrz Ostrowi Mazowieckiej Hubert Betlejewski
67%
Województwo, w którym leżała Ostrów Mazowiecka w latach 1975-1998 ostrołęckie
67%
Wiek, w którym Ostrów Mazowiecka otrzymała prawa miejskie XV (1434)
67%
Na jakiej ziemi leży Ostrów Mazowiecka? Ziemia {nurska}
67%
Jedyne miasto partnerskie Ostrowi Mazowieckiej pochodzące z Ukrainy to Zasław
33%
Klub piłkarski tego miasta KS Ostrovia Ostrów Mazowiecka
0%
Nie znaleziono quizów pasujących do podanych kryteriów
Rozkład punktacji
Procent ludzi z każdym wynikiem
Percentyl według liczby udzielonych odpowiedzi
Twoja historia wyników
Nie rozwiązałeś tego quizu